000 00508 a2200169 4500
003 OSt
005 20230819150916.0
008 230819b |||||||| |||| 00| 0 eng d
020 _a9788182094352
040 _coclc
082 _a332.6320973
_bGUR/S
100 _aGurusamy, S
_91561
245 _aSECURITY ANALYSIS AND PORTFOLIO MANAGEMENT /
_cS Gurusamy
260 _aChennai:
_bVijay Nicole,
_c2018.
300 _a633 p
942 _2ddc
_cBK
_h332.6320973
_iGUR/S
_k332.6320973
_mGUR/S
999 _c41929
_d41929